02311nam a2200301 a 450000100100000000500170001000800410002702000180006804000250008608200300011111000330014124000260017424502100020026000650041030000270047550400550050250507600055759000270131765100630134465100560140770000360146370000510149991000370155095201430158795201280173095201340185899900170199200002859220200930055028.0110411s2010 dr 001 0 spa d a9789993478430 aDO-SdBNPbspacBNPHU a342.729302bR426con, 20101 aRepública Dominicana.944710aConstitución (2010)10aConstitución de la República Dominicana anotada :bconcordada con la Constitución de 2002 doctrina, legislación y jurisprudencia /cHerbert Carvajal Oviedo ; prólogo Olivo A. Rodríguez Huertas. aSanto Domingo :bLibrería Jurídica Internacional,c2010. axiii, 187 p. ;c23 cm. aIncluye bibliografía y notas a pie de páginas.0 gPrólogo /rOlivo A. Rodríguez Huertas --tPreámbulo --tDe la Nación, del Estado, de su gobierno y de sus principios fundamentales --tDe los derechos, garantías y deberes fundamentales --tDel Poder Legislativo --tDel Poder Ejecutivo --tDel Poder Judicial --tDel Consejo Nacional de la Magistratura --tDel control constitucional --tDel Defensor del Pueblo --tDel ordenamiento del territorio y de la administración local --tDel Sistema electoral --tDel régimen económico y financiero y de la Cámara de Cuentas --tDe las Fuerzas Armadas, de la Policía Nacional y de la Seguridad y Defensa --tDe los Estados de Excepción --tDe las Reformas Constitucionales --gDisposiciones generales y transitorias --gÍndice temático. aInventariado, 2018/ YL 4aRepública DominicanaxConstitución (2010{Rpara}935654 4aRepública DominicanazDerecho Constitucional94491 aCarvajal Oviedo, Herbert9145761 aRodríguez Huertas, Olivo A.,epról.955545 aValidado. Control de calidad EMS 001054708DSaGRbGRcHDd2011-04-11iLF1l0o342.729302 R426con, 2010p28592-30r2020-06-25te. 3w2020-06-25yLFDSZPréstamo en sala 0010718PDaPDbPDcHDd2011-04-11iLF1l0o342.729302 R426con, 2010p28592-10r2020-06-25w2020-06-25yLFPDZNo se presta 0010718PDaPDbPDcHDd2011-04-11iLF1l0o342.729302 R426con, 2010p28592-20r2020-06-25te. 2w2020-06-25yLFPDZNo se presta c28084d28084